000 00663nam a22001577a 4500
003 Macl
005 20250731140155.0
008 250731b |||||||| |||| 00| 0 eng d
040 _cMacl
082 _a330
100 _aसिंह,विक्रम
_983226
245 _aMPPSC 2.0प्रीलिम्‍स Handwritten नोटस(यूनिट-६) भारत एवं मध्‍यप्रदेश की अर्थव्‍यवस्‍था
260 _aमेरठ (यूपी)
_bअरिहन्‍त पब्लिकेशन्‍स
_c२०२५
650 _aअर्थशास्‍त्र
942 _2ddc
_cC. BOOKS
999 _c68042
_d68042